Loading...
| History - Other History | 0 | 6 | 1 | 0 | 55 | 52 | 91.00 | 1 | 4 |
| Religion | 0 | 4 | 2 | 1 | 30 | 105 | 108.00 | 0 | 1 |
| Literature - European Literature | 0 | 3 | 0 | 0 | 30 | 41 | 91.33 | 1 | 2 |
| Literature - British Literature | 0 | 2 | 0 | 0 | 20 | 18 | 75.50 | 1 | 1 |
| Philosophy | 0 | 2 | 0 | 1 | 20 | 111 | 115.50 | 0 | 0 |
| History - World History | 0 | 2 | 0 | 1 | 20 | 128 | 136.50 | 0 | 0 |
| Other Academic | 0 | 2 | 0 | 0 | 20 | 110 | 115.50 | 0 | 0 |
| Social Science | 0 | 1 | 0 | 0 | 10 | 110 | 110.00 | 0 | 0 |
| Fine Arts - Painting & Sculpture | 0 | 1 | 0 | 0 | 10 | 64 | 64.00 | 1 | 1 |
| Literature - American Literature | 0 | 1 | 0 | 0 | 10 | 108 | 108.00 | 0 | 0 |
| Mythology | 0 | 2 | 2 | 0 | 10 | 16 | 54.50 | 1 | 2 |
| Science - Other Science | 0 | 1 | 0 | 0 | 10 | 102 | 102.00 | 0 | 0 |
| Science - Physics | 0 | 1 | 0 | 0 | 10 | 114 | 114.00 | 0 | 0 |
| Science - Biology | 0 | 1 | 0 | 0 | 10 | 113 | 113.00 | 0 | 1 |
| Literature - World Literature | 0 | 0 | 1 | 0 | -5 | 0.00 | 0 | 0 | |
| Current Events | 0 | 0 | 1 | 0 | -5 | 0.00 | 0 | 0 |